| 000 | 00565cam a2200145 4500500 | ||
|---|---|---|---|
| 005 | 20251228093430.0 | ||
| 041 | _afre | ||
| 042 | _adc | ||
| 100 | 1 | 0 |
_aKeep, John _eauthor |
| 245 | 0 | 0 | _aNicholas V. RIASANOVSKY, Russian Identities. A Historical Survey. Oxford -- New York : Oxford University Press, 2005, 278 p. |
| 260 | _c2006. | ||
| 500 | _a100 | ||
| 786 | 0 | _nCahiers du monde russe | Vol 47 | 4 | 2006-11-01 | p. 785zr-964zr | 1252-6576 | |
| 856 | 4 | 1 | _uhttps://shs.cairn.info/revue-cahiers-du-monde-russe-2006-4-page-785zr?lang=fr&redirect-ssocas=7080 |
| 999 |
_c1604415 _d1604415 |
||